Подробности
| 000 -МАРКЕР |
| контрольное поле |
01353nam2a22002651 4500 |
| 001 - ИДЕНТИФИКАТОР ЗАПИСИ |
| контрольное поле |
rc\4155743 |
| 005 - ИДЕНТИФИКАТОР ВЕРСИИ |
| контрольное поле |
20250611112516.0 |
| 021 ## - НОМЕР ГОСУДАРСТВЕННОЙ РЕГИСТРАЦИИ |
| Код страны |
Российская Федерация |
| Номер |
[52-21544] |
| 021 ## - НОМЕР ГОСУДАРСТВЕННОЙ РЕГИСТРАЦИИ |
| Код страны |
Российская Федерация |
| Номер |
[52-5804] |
| 035 ## - ДРУГИЕ СИСТЕМНЫЕ НОМЕРА |
| Идентификатор записи |
(NLR Aleph) 008173059 |
| 100 ## - ДАННЫЕ ОБЩЕЙ ОБРАБОТКИ |
| Данные общей обработки |
20130415f19521953|||y0rusy50 ca |
| 101 0# - ЯЗЫК РЕСУРСА |
| Язык текста, звукозаписи и т.д. |
русский |
| 102 ## - СТРАНА ПУБЛИКАЦИИ ИЛИ ПРОИЗВОДСТВА |
| Страна публикации |
Российская Федерация |
| 105 ## - ПОЛЕ КОДИРОВАННЫХ ДАННЫХ: ТЕКСТОВЫЕ МАТЕРИАЛЫ, МОНОГРАФИЧЕСКИЕ |
| Кодированные данные о монографическом текстовом документе |
a z ||||| |
| 200 1# - ЗАГЛАВИЕ И СВЕДЕНИЯ ОБ ОТВЕТСТВЕННОСТИ |
| Основное заглавие |
Независимо-действующая сигнализация |
| -- |
Жезловая система |
| -- |
Полуавтоматическая блокировка и механическая централизация |
| 210 ## - ПУБЛИКАЦИЯ, РАСПРОСТРАНЕНИЕ И ДР. |
| Место издания, распространения и т.д. |
Москва |
| Имя издателя, распространителя и т. д. |
Трансжелдориздат |
| Дата издания, распространения и т.д. |
1952-1953 |
| 215 ## - ФИЗИЧЕСКАЯ ХАРАКТЕРИСТИКА |
| Специфическое обозначение материала и объем |
504 с., 2 л. черт. |
| Другие сведения о физической характеристике |
ил. |
| 461 #0 - УРОВЕНЬ НАБОРА |
| Встроенное поле |
001rc\4155742 |
| -- |
2001#$aСигнализация, централизация, блокировка$e[Учебник для техникумов ж.-д. транспорта$eЧ.] 1-3$v[Ч.] 1 |
| Системный номер (АБИС) связанной записи |
7866964 |
| Место публикации |
Москва |
| Дата публикации |
1952-1953 |
| Имя издателя, распространителя и т.д. |
Трансжелдориздат |
| Сведения, относящиеся к заглавию |
[Учебник для техникумов ж.-д. транспорта : Ч.] 1-3 |
| Физическая характеристика |
3 т. |
| Заглавие |
Сигнализация, централизация, блокировка |
| Номер тома |
[Ч.] 1 |
| 700 #1 - ИМЯ ЛИЦА - ПЕРВИЧНАЯ ОТВЕТСТВЕННОСТЬ |
| Начальный элемент ввода |
Федотьев |
| Часть имени, кроме начального элемента ввода |
П.В. |
| Расширение инициалов личного имени |
Павел Викторович |
| 801 #0 - ИСТОЧНИК ЗАПИСИ |
| Страна |
Российская Федерация |
| Организация |
NLR |
| Правила каталогизации |
psbo |
| 801 #1 - ИСТОЧНИК ЗАПИСИ |
| Страна |
Российская Федерация |
| Организация |
ELAR |
| Источник данных |
rusmarc |
| 852 ## - МЕСТОНАХОЖДЕНИЕ И ШИФР ХРАНЕНИЯ |
| Идентификатор организации |
NLR |
| Шифр хранения (Call Number) |
Т88 Г-5/283 |
| 942 ## - ДОПОЛНИТЕЛЬНЫЕ ЭЛЕМЕНТЫ ЗАПИСИ (АБИС) |
| Тип экземпляра АБИС |
Книга |
| 980 ## - КОЛЛЕКЦИЯ |
| Название коллекции |
Национальная библиография |